| 000 | 00549nam a22001697a 4500 | ||
|---|---|---|---|
| 003 | SGT | ||
| 020 | _a9789383864300 | ||
| 082 |
_a615.53 _bQ18C |
||
| 100 | _aCCRAS, MINISTRY OF AYUSH | ||
| 245 | _aQUALITY, SAFETY AND BIOLOGICAL SCRENING OF MEDICINAL PLANTS IN AYURVEDA & SIDDHA AND FORMULATIONS FOR IMMUNODEFICIENCY | ||
| 250 | _a1ST | ||
| 260 |
_aNEW DELHI _bCCRAS _c2018 |
||
| 300 | _a474 | ||
| 650 | _aAYURVEDA | ||
| 653 | _aQUALITY, SAFETY , BIOLOGICAL, SCRENING, MEDICINAL, PLANTS , SIDDHA, FORMULATIONS, IMMUNODEFICIENCY | ||
| 942 |
_2ddc _cBK |
||
| 999 |
_c25009 _d25009 |
||